00368nam a2200157Ia 45000010006000000050017000060080041000230410008000640820016000721000039000882450030001272600009001573000028001666500008001946540008002021135920260306162822.0260306t2015||||xx |||||||||||||| ||spa|| aESP a985.04bA64 aAparicio Vega, Manuel JesúseAUT 0aEl clero patriota en 1814 c2015 a342 páginas :c24 cm. aGEN aCHU